MDQL
is popping MORE tags! Check the
thread
!
Quizzes
Events
Quiz Creation
Community
Videos
Private Events
Remove Ads
Sign In
Join for FREE
Feedback
Dark Mode
Quiz Categories
Sports
Geography
Music
Movies
Television
Just For Fun
Miscellaneous
History
Literature
Language
Science
Gaming
Entertainment
Religion
Holiday
For Kids
Quiz Lab
Recent
Popular Today
Quiz Kudos Today
Editor Picks
Curator Picks
Quizzes by...
Day
Popularity
Type
Ratings
Length
Year
Community
Subscriptions
Recent Discussions
Orange Saloon
Badges
Playlists
Quests
Create
Leaderboards
Showdown
Live 5
Trivia Bingo
Activity
Puzzle Library
Sporcle Events
Private Events
Virtual Trivia
Globe League
Become a Host
Pub Owners
SporcleCon
Opinionation
Our Games
Videos
Blog
Mobile Apps
Partnerships
Remove Ads and Go Orange
Feedback
Entertainment
Celebrity
Famous
Musical
Broadway
Show
Quote
Comic Books
Anime
Superhero
DC Comics
Marvel
Cartoons
Animation
Entertainment
Celebrity
Famous
Musical
Broadway
Show
Quote
Comic Books
Anime
Superhero
DC Comics
Marvel
Cartoons
Animation
Random Quiz
Search Sporcle
×
Quiz Lab
Quiz Lab
Entertainment
Superhero
Type in answers that appear in a list
Type in answers that appear in a list
Classic
Best Score? Go Orange.
Marvel Identities Stats
Can you name the identities of these Marvel characters?
By
sam0194
6m
34 Questions
208 Plays
208 Plays
208 Plays
Comments
Comments
Give Quiz Kudos
Give Quiz Kudos
-
- Ratings
hide this ad
More Info
Replay
Link that replays current quiz
Next Quiz
Link to next quiz in quiz playlist
You Got
0%
They Got
Avg Score
76%
Avg Friend Score
Upgrade to see
Score Distribution
Jump to the score distribution portion of the page
Score
0/34
Timer
06:00
1
Play Today
Character
Identity
% Correct
Iron Man
Tony Stark
93.3%
Hulk
Bruce Banner
91.8%
Captain America
Steve Rogers
88.5%
Spiderman
Peter Parker
88%
Hawkeye
Clint Barton
85.6%
Invisible Woman
Sue Richards
85.6%
Mr Fantastic
Reed Richards
84.6%
Black Panther
T'Challa
84.6%
Beast
Hank McCoy
84.6%
Deadpool
Wade Wilson
84.1%
Human Torch
Johnny Storm
84.1%
Cyclops
Scott Summers
83.2%
Green Goblin
Norman Osborn
83.2%
Doctor Doom
Victor Von Doom
82.7%
Iceman
Bobby Drake
80.8%
Winter Soldier
Bucky Barnes
78.8%
Doctor Octopus
Otto Octavius
77.4%
Character
Identity
% Correct
The Thing
Ben Grimm
76.9%
Black Widow
Natasha Romanoff
76%
Punisher
Frank Castle
75%
Daredevil
Matt Murdock
74.5%
Ms. Marvel
Carol Danvers
74.5%
Venom
Eddie Brock
72.6%
War Machine
James Rhodes
72.1%
Wolverine
James Howlett
71.6%
Quicksilver
Pietro Maximoff
71.6%
She-
Hulk
Jennifer Walters
69.7%
Gambit
Remy LeBeau
67.8%
Storm
Ororo Munroe
66.3%
Sabretooth
Victor Creed
65.4%
Red Hulk
Thaddeus E. Ross
63.9%
A-
Bomb
Rick Jones
62%
Abomination
Emil Blonsky
58.2%
Sandman
Flint Marko
49%
Quiz Playlist
Details
Report
Send in Message
Add To Playlist
More Info:
Enter the superhero/villain's human alias e.g - Polaris = Lorna Dane
Classic:
Type in answers that appear in a list
Last Updated: Feb 16, 2017
Quiz Scoreboard
CHALLENGE
Sign Up to Join the Scoreboard
Show All
Scores
Hide
Comments
May contain spoilers
Recently Published
Street Fighter Characters
by Artimus82
Gaming
60s
9x9 Crossword: Cartoon Network
by jackfrog10
Miscellaneous
3m
College Basketball Coaching Resumes
by pancakes188
Sports
9m
More to Explore
Quiz From the Vault
Featured Blog Post
Where Did the Easter Bunny Come From?
hide this ad
You Might Also Like...
Tags
Comic Books Quiz
Marvel Quiz
Superhero Quiz
Avengers
Character
Comic Character
Hero
Heroes
hulk
Marvel Characters
Spider-Man
Villains
Today's Top Quizzes in Entertainment
Browse Entertainment
hide this ad
Today's Top Quizzes in Superhero
Browse Superhero
Top Contributed Quizzes in Entertainment
1
7-to-1: DC Comics Villains
2
Marvel Characters Bunker
3
Eurovision 2023 Logic Puzzle
4
Dragon Ball Z: Goku's Fights in Order
5
Sorting Pictures: Villains
6
Criteria Quickie: Cartoon Taxonomy II
7
7-to-1: One Piece
8
Mini Trivia Sudoku: Musicals
9
Fictional Villains Letter U Blitz
10
Kamen Rider Motifs
Explore More
Trending Topics
Disney
Crossword
Kpop
NBA
Anime
Harry Potter
Marvel
Pokémon
WWE
Puzzle
Song
NFL
Soccer
Country
The Office
hide this ad
More By:
sam0194
Quiz
Plays
Rating
Category
Featured
Created
Mr Men Characters
708
3.75
Just For Fun
Apr 21, 2013
All Harry Potter spells
256
5.00
Entertainment
Jul 31, 2012
Marvel Identities
208
4.00
Entertainment
Apr 13, 2013
Go to Creator's Profile
Score Distribution
Quiz Creator Spotlight
sam0194
Follow
Send a Message
Quizzes Created
-
Created Quiz Play Count
-
More By This Creator
Popular Quizzes Today
1
Find the US States - No Outlines Minefield
2
Find the Countries of Europe - No Outlines Minefield
3
The Countries of the World
4
Find the US States
5
Risky Map Clicking: Biggest States A-Z
6
US States
7
Popular People in 1961
8
Movies - When Are They Set?
More Entertainment Quizzes
Same Name Celebrities by Surname Length
Published
Trending Quizzes
Risky Map Clicking: Least Populous States A-Z
Countries of the World: 200 Million BC
Billboard Blitz: Aretha Franklin
1-10 Letter G Words
Famous Russians: Author or Composer?
Recently Updated
Leaping Animals
pecheneg
Reality TV Shows (A-Z)
bhenderson79
Rickey Henderson's Hall of Fame Teammates
pecheneg
Champions League XIs: Arsenal
pecheneg
Quick Pick: Celebrities in WWE's Hall of Fame
aduchscher
A-Z Keypad Blitz II
pecheneg
Multiple Oscar Actors
pecheneg
Mystery Phrase Blitz: Oscar 'Best Actors'
pecheneg
F. Scott Fitzgerald Novels
LTH
Pick 3 Villains
ddd62291
Trending Topics
Crossword
Anime
Disney
Harry Potter
Marvel
Kpop
NBA
Country
Pokémon
WWE
Puzzle
Song
NFL
Soccer
The Office
Your Account Isn't Verified!
In order to create a playlist on Sporcle, you need to verify the email address you used during registration. Go to your
Sporcle Settings
to finish the process.
Report this User
Report this user for behavior that violates our
Community Guidelines
.
Details:
Send Report
Go to the Sporcle.com Mobile Site →
Comments